Представление документа в формате RUSMARC

ПолеНазваниеЗначение
  Тип записи a
  Библиографический уровень m
001 Контрольный номер UONB/MAIN/c440f638300144f681521635039bc17a
005 Дата корректировки 20260414105653.4
010 Индекс ISBN __
9 Тираж 450 экз.
a ISBN 5-7966-0244-6
100 Данные общей обработки __
a Данные общей обработки 20260414d1990 u y0rusy0189## ca
101 Язык документа 0_
a Язык текста rus
102 Страна публикации __
a Страна публикации RU
105 Кодированные данные (монография) __
a Кодированные данные (монография) a z 001yy
200 Заглавие и сведения об ответственности 1_
a Заглавие Биологические свойства энтомофторовых грибов
f Первые сведения об ответственности З. П. Чударе
g Последующие сведения об ответственности Академия наук Латвийской ССР, Институт биологии
203 Вид содержания и тип средства __
a Вид содержания Текст
b Характеристика содержания визуальный
c Тип средства непосредственный
210 Выходные данные 1_
a Место издания Рига
c Издательство Зинатне
d Дата издания 1990
215 Физическое описание __
a Объем 197, [1] с.
d Формат 20 см
e Сопроводительные материалы прил. [24] л. ил.
320 Библиография __
a Библиография Библиогр.: с. 163-197
606 Тематические рубрики 0_
a Основная рубрика Насекомые-вредители сельскохозяйственных культур
x Основная подрубрика Истребление
x Основная подрубрика Биологический способ
606 Тематические рубрики 0_
a Основная рубрика Грибы энтомопатогенные
610 Ключевые слова 0_
a Ключевые слова насекомые-вредители; насекомые-вредители сельскохозяйственных культур; истребление насекомых; биологический способ борьбы с вредителями; грибы энтомопатогенные
686 Индексы других классификаций __
a Классификационный индекс 44.158
2 Код системы rubbk
700 Автор _1
a Фамилия Чударе
b Имя (инициалы) З. П.
g Полное личное имя Зигрида Петровна
801 Источник записи _0
a Страна RU
b Организация Ульяновская ОНБ
c Дата составления 20260414
g Правила каталогизации RCR
801 Источник записи _1
a Страна RU
b Организация Ульяновская ОНБ
c Дата составления 20260414
g Правила каталогизации RCR
901 Тип документа __
t Тип документа m
909 Создатель записи __
a Создатель записи Егорова Э. А.
b Дата создания записи 20260414